Lost main characters kill count Quiz Stats

 Plays Quiz not verified by Sporcle

Challenge
Share
Tweet
Embed
Score 0/7 Timer 15:00
0 Plays Today
Kills Character % Correct
13Sayid
90.1%
7Ben
74.4%
5Sawyer
67.5%
5Jack
60.7%
8Eko
32.7%
4 Juliet
30.1%
4Ana Lucia
24.3%

You're not logged in!

Compare scores with friends on all Sporcle quizzes.
Join for Free
OR
Log In

You Might Also Like...

Show Comments

Extras

Top Quizzes Today


Score Distribution

Your Account Isn't Verified!

In order to create a playlist on Sporcle, you need to verify the email address you used during registration. Go to your Sporcle Settings to finish the process.

Report this User

Report this user for behavior that violates our Community Guidelines.

Details: